00864nam a2200229Ia 4500003000400000005001700004008004100021020001800062040002100080041000800101082002900109100002800138245009300166260005100259300006900310505009200379650003500471650002300506650002900529700003100558700004500589OSt20210823151545.0210310s1996 enkad gr 000 0 spa d a9780901573620 aCO-JMCRcCO-JMCR0 aeng04a332.4566094 /bB622u2231 aBishop, Graham, eautor10aUser guide to the Euro /cGraham Bishop, José Pérez Sammy Van Tuyll Van Serooskerken aLondres, Inglaterra : bFederal Trust, c1996. bxx, 183 páginas : ailustraciones en blanco y negro ; c20 cm. aThe monetary environment. -- Technical aspects. -- Case Studies. -- Making the change. 14aPaíses de la Unión Europea24aUniones monetarias24aUnidad monetaria europea1 aPérez, José, eeditor 1 aSammy Van Tuyll Van Serooskerkeneeditor